| 000 | 00933nam a22001937a 4500 | ||
|---|---|---|---|
| 999 |
_c63871 _d63871 |
||
| 003 | Ge_BSU | ||
| 005 | 20260210173827.0 | ||
| 008 | 260210s1967 ge ||||| |||| 00| 0 geo d | ||
| 041 | _ageo | ||
| 080 | _a338(479.223) : 008(479.223) დ-43 | ||
| 100 |
_aდიასამიძე, დავით _926864 |
||
| 245 |
_aაჭარის ასსრ : _b[სახალხო მეურნეობა და კულტურა] / _cდავით დიასამიძე, ნადიმ ნიჟარაძე. |
||
| 264 |
_aთბილისი : _bსაბჭ. საქართველო, _c1967. |
||
| 300 |
_a155 გვ. : _b ილ. ; _c16 სმ. |
||
| 653 | _aაჭარის სახალხო მეურნეობა | ||
| 653 | _aაჭარის კულტურა | ||
| 700 |
_aნიჟარაძე, ნადიმ _eავტორი _926865 |
||
| 942 |
_2udc _cᲬᲘᲒᲜᲘ |
||